|
|
|
|
| LEADER |
01017nam a22002537a 4500 |
| 001 |
38157 |
| 003 |
BD-DhAAL |
| 005 |
20220322124726.0 |
| 008 |
220322t2011 ii ||||| |||| 00| p ben d |
| 999 |
|
|
|c 43842
|d 43842
|
| 020 |
|
|
|a 9789380476087
|
| 040 |
|
|
|a BD-DhAAL
|
| 041 |
|
|
|a ben
|
| 082 |
|
|
|a 891.441
|2 23
|
| 100 |
|
|
|a স্টালিন, রেজাউদ্দিন
|9 47246
|
| 245 |
|
|
|a সব জন্মে শত্রু ছিলো যে /
|c রেজাউদ্দিন স্টালিন
|
| 246 |
|
|
|a Sob janme satru chilo je
|
| 260 |
|
|
|a কলকাতা :
|b কথা,
|c ২০১১
|
| 300 |
|
|
|a ৬৪ পৃষ্ঠা ;
|c ২১ সে.মি.
|
| 541 |
|
|
|a Donated by Akbar Ali Khan
|e 38157
|
| 650 |
|
|
|a Bengali poetry.
|9 47247
|
| 852 |
|
|
|a Ayesha Abed Library
|c Akbar Ali Khan Collection
|
| 942 |
|
|
|2 ddc
|c BK
|
| 952 |
|
|
|0 0
|1 0
|2 ddc
|4 0
|6 891_441000000000000_STA
|7 1
|9 70226
|a BRACUL
|b BRACUL
|c AAKC
|d 2022-03-22
|e Donated by Akbar Ali Khan
|l 0
|o 891.441 STA
|p 3010038157
|r 2022-03-22
|t 1
|w 2022-03-22
|y BK
|